[Event "Druzynowe Mistrzostwa Polski II Liga"]
[Site "Szklarska Poreba"]
[Date "1899-12-30"]
[Round "1.80"]
[White "Liberadzki, Slawomir"]
[Black "Sycz, Dariusz"]
[Result "0-1"]
[WhiteTitle "k"]
[BlackTitle "k"]
[WhiteElo "1998"]
[BlackElo "2182"]

1. c4 Nf6 2. Nf3 e6 3. b3 b6 4. Bb2 Bb7 5. e3 Be7 6. Be2 O-O 7. O-O d6 8. Nc3 Nbd7
9. d4 Re8 10. Qc2 c6 11. Rfd1 Qc7 12. Rd2 Rac8 13. Rc1 a6 14. e4 b5 15. Bd3 e5
16. dxe5 Nxe5 17. Nxe5 dxe5 18. Rcd1 b4 19. Ne2 Nd7 20. Ng3 Bg5 21. Re2 Nc5 22.
Bc1 Bxc1 23. Qxc1 Rcd8 24. Qe3 Ne6 25. Red2 g6 26. Be2 Nd4 27. c5 Qe7 28. Rc1
Kg7 29. Bf1 a5 30. f4 exf4 31. Qxf4 Ne6 32. Qe3 Rxd2 33. Qxd2 Rd8 34. Qb2+ Kg8
35. Qe5 Qg5 36. Qxg5 Nxg5 37. Rc2 Rd4 38. Re2 Ne6 39. Rc2 Ng5 40. Re2 Ba6 41.
Re1 Bxf1 42. Kxf1 h5 43. h4 Ne6 44. Ke2 Kg7 45. Ke3 Rd7 46. Nh1 Nxc5 47. Rc1 Rd3+
48. Ke2 Rc3 49. Rxc3 bxc3 50. e5 Ne4 51. Kd3 Kf8 0-1

[Event "Druzynowe Mistrzostwa Polski II Liga"]
[Site "Szklarska Poreba"]
[Date "1899-12-30"]
[Round "1.81"]
[White "Pulik, Krzysztof"]
[Black "Pajak, Jakub"]
[Result "1/2-1/2"]
[WhiteTitle "k"]
[BlackTitle "I++"]
[WhiteElo "2134"]
[BlackElo "1922"]

1. e4 c5 2. c3 Nf6 3. e5 Nd5 4. d4 cxd4 5. Nf3 Nc6 6. Bc4 e6 7. cxd4 d6 8. O-O
Be7 9. Qe2 Nb6 10. Bb3 O-O 11. Nc3 dxe5 12. dxe5 Nd4 13. Nxd4 Qxd4 14. Rd1 Qh4
15. Rd3 g6 16. Rh3 Qd4 17. Bh6 Rd8 18. Rd1 Qc5 19. Rxd8+ Bxd8 20. Bf4 Bd7 21.
Ne4 Qd4 22. Rd3 Bb5 23. Rxd4 Bxe2 24. Nc5 Ba6 25. Nxa6 bxa6 26. a4 Rc8 27. Bd2
Bc7 28. f4 Rd8 29. Rxd8+ Bxd8 30. Kf2 Kf8 31. a5 Nd7 32. Bc4 Nc5 33. Bb4 Be7 34.
Ke3 h6 35. Bc3 Na4 36. Bd4 Bb4 37. Bxa6 Bxa5 38. Bb5 Nb6 39. Bc5+ Kg7 40. Ke4
Be1 41. b3 g5 42. f5 exf5+ 43. Kxf5 Bc3 44. g4 Bb2 45. e6 fxe6+ 46. Kxe6 Bc3 47.
h3 Bb2 48. Bc6 Bf6 49. Be4 Bc3 50. Ke7 Bb2 51. Bb7 Bc3 52. Bc6 Bb2 53. Kd6 Kf6
54. Kc7 Ke5 55. Kb7 Nd5 56. Kxa7 Nf4 57. b4 Ba3 58. Kb6 Nd3 59. Kb5 Nxc5 60. bxc5
Kd4 1/2-1/2

[Event "Druzynowe Mistrzostwa Polski II Liga"]
[Site "Szklarska Poreba"]
[Date "1899-12-30"]
[Round "1.82"]
[White "Sielicki, Tomasz"]
[Black "Skomial, Mateusz"]
[Result "0-1"]
[WhiteTitle "I++"]
[BlackTitle "I++"]
[WhiteElo "1968"]
[BlackElo "2039"]

1. d4 d5 2. Bf4 Nf6 3. e3 c5 4. c3 Nc6 5. Nd2 e6 6. Ngf3 Be7 7. Ne5 Nxe5 8. dxe5
Nd7 9. Bd3 b6 10. a4 Bb7 11. Nf3 O-O 12. h4 h6 13. Ng5 c4 14. Bh7+ Kh8 15. Nxf7+
Rxf7 16. Bg6 Qf8 17. Qg4 Rf5 18. Bxf5 Qxf5 19. Qxf5 exf5 20. a5 b5 21. a6 Bc6
22. h5 Nc5 23. Ke2 Ne6 24. f3 Rb8 25. Rhg1 Bc5 26. Bg3 b4 27. Rgd1 Kg8 28. Be1
b3 29. Bh4 Bb6 30. Be7 Re8 31. Bd6 f4 32. exf4 Nxf4+ 33. Kf1 Nxh5 34. Rd2 Ng3+
35. Ke1 Nf5 36. Kf1 Ne3+ 37. Ke2 Nxg2 38. Rh1 Nf4+ 39. Kd1 d4 40. Rh4 Bxf3+ 41.
Kc1 dxc3 42. bxc3 Be3 0-1

[Event "Druzynowe Mistrzostwa Polski II Liga"]
[Site "Szklarska Poreba"]
[Date "1899-12-30"]
[Round "1.83"]
[White "Fic, Wieslaw"]
[Black "Szymczak, Rafal"]
[Result "0-1"]
[WhiteTitle "I"]
[BlackTitle "k"]
[WhiteElo "1810"]
[BlackElo "1956"]

1. d4 Nf6 2. c4 c5 3. d5 b5 4. cxb5 a6 5. bxa6 Bxa6 6. Nc3 d6 7. Nf3 g6 8. e4 Bxf1
9. Kxf1 Bg7 10. g3 O-O 11. Kg2 Nfd7 12. Qc2 Na6 13. Bg5 h6 14. Be3 Qa5 15. h4
h5 16. Bg5 Nf6 17. a3 Nc7 18. Rad1 Nb5 19. Ne2 Qa4 20. Qxa4 Rxa4 21. Nd2 Rb8 22.
f3 Kf8 23. Nb1 Ra6 24. Bc1 Nd7 25. Rd3 Nc7 26. Nec3 Nb5 27. Nxb5 Rxb5 28. Nc3
Rb3 29. f4 Nb6 30. Re1 Na4 31. e5 Nxb2 32. Bxb2 Rxb2+ 33. Kf3 Rxa3 34. Rde3 dxe5
35. fxe5 Bxe5 36. Rxe5 Rxc3+ 37. Kf4 Rb4+ 38. R1e4 Rcc4 39. Rxe7 Rxe4+ 40. Rxe4
Rxe4+ 41. Kxe4 Ke7 0-1

[Event "Druzynowe Mistrzostwa Polski II Liga"]
[Site "Szklarska Poreba"]
[Date "1899-12-30"]
[Round "1.85"]
[White "Zebracki, Tomasz"]
[Black "Dowgird, Filip"]
[Result "0-1"]
[WhiteTitle "k"]
[BlackTitle "k"]
[WhiteElo "2188"]
[BlackElo "2270"]

1. e4 d6 2. d4 Nf6 3. Nc3 c6 4. f4 Qa5 5. Bd3 e5 6. Nf3 exd4 7. Nxd4 g6 8. h3 Bg7
9. Be3 O-O 10. Qf3 b5 11. O-O b4 12. Nce2 Bb7 13. c3 bxc3 14. Nxc3 Nbd7 15. Nb3
Qc7 16. Rac1 c5 17. Rfd1 a6 18. Nd2 Rfe8 19. b4 Rac8 20. bxc5 Nxc5 21. Na4 Qe7
22. Bxc5 dxc5 23. Nc3 Nh5 24. g4 Bd4+ 25. Kf1 Nf6 26. Ne2 Rcd8 27. Nxd4 Rxd4 28.
Nb3 Bxe4 29. Bxe4 Rxd1+ 30. Rxd1 Nxe4 31. Kg2 c4 32. Nd4 Qb4 33. Qe2 Kf8 34. Qc2
c3 35. Nb3 a5 36. Rd4 Qb7 37. Nxa5 Qa8 38. Kh2 Nd2 39. Rxd2 cxd2 40. Qxd2 Qf3
41. Kg1 Qg3+ 42. Kf1 Qxh3+ 43. Kg1 Qxg4+ 44. Kf2 Qh4+ 45. Kg2 Qh5 46. Kg3 Re2
0-1

[Event "Druzynowe Mistrzostwa Polski II Liga"]
[Site "Szklarska Poreba"]
[Date "1899-12-30"]
[Round "1.86"]
[White "Dobrowolski, Aleksander"]
[Black "Paprocki, Jaroslaw"]
[Result "0-1"]
[WhiteTitle "m"]
[BlackTitle "k"]
[WhiteElo "2266"]
[BlackElo "2161"]

1. e4 e5 2. Nf3 Nc6 3. Bb5 Nf6 4. O-O Bc5 5. Nxe5 Nxe4 6. Qe2 Nxe5 7. d4 Be7 8.
Qxe4 Ng6 9. f4 c6 10. Bd3 d5 11. Qe2 f5 12. Nd2 Qd6 13. Nf3 Qe6 14. Ne5 Nxe5 15.
fxe5 O-O 16. c4 Qg6 17. cxd5 cxd5 18. Be3 Be6 19. Rac1 Rac8 20. Qf3 Qe8 21. Bc2
Qb5 22. Bb3 a5 23. Qd1 Rxc1 24. Bxc1 Bd8 25. Ba4 Qc4 26. Bb3 Qc6 27. Rf3 b5 28.
Rc3 Qb7 29. a3 Bb6 30. Be3 b4 31. axb4 axb4 32. Rc1 Rc8 33. Rxc8+ Bxc8 34. Qh5
g6 35. Qg5 Be6 36. h4 Qd7 37. h5 Bd8 38. Qg3 Qg7 39. hxg6 hxg6 40. Bg5 Bb6 41.
Be3 g5 42. Qf3 Qf7 43. Bf2 f4 44. Qd3 g4 45. Qb5 Ba7 46. Qa5 g3 47. Qd8+ Kg7 48.
Be1 Bxd4+ 49. Kf1 Qf5 50. Qe7+ Bf7 51. Bc2 Qxe5 52. Qxe5+ Bxe5 53. Bxb4 Bxb2 54.
Bd6 Bc1 55. Be5+ Kh6 56. Bb3 Kg5 57. Ke2 Be3 58. Kf1 Be6 59. Ke2 Bg4+ 60. Kf1
d4 61. Bc2 Bf5 62. Bxf5 Kxf5 63. Bd6 d3 64. Bc7 f3 65. gxf3 g2+ 0-1

[Event "Druzynowe Mistrzostwa Polski II Liga"]
[Site "Szklarska Poreba"]
[Date "1899-12-30"]
[Round "1.87"]
[White "Wisniewski, Przemyslaw"]
[Black "Kwiecinski, Marian"]
[Result "0-1"]
[WhiteTitle "k"]
[BlackTitle "k"]
[WhiteElo "2010"]
[BlackElo "2216"]

1. Nf3 c5 2. b3 d5 3. Bb2 Nc6 4. e3 Nf6 5. Bb5 Bg4 6. h3 Bd7 7. O-O Rc8 8. d3 e6
9. Nbd2 a6 10. Bxc6 Bxc6 11. Ne5 Be7 12. Qe2 O-O 13. Rad1 Be8 14. c4 b5 15. e4
bxc4 16. dxc4 d4 17. f4 Qa5 18. a4 Rb8 19. Ba3 Qc7 20. Ng4 Nxg4 21. Qxg4 f5 22.
Qe2 fxe4 23. Qxe4 Rf6 24. Qe2 Bc6 25. Ne4 Bxe4 26. Qxe4 Rxb3 27. Bc1 Qb7 28. Qe5
Rg6 29. Rf2 Rbg3 30. Rdd2 Rxh3 31. f5 Re3 32. Qf4 exf5 33. Rb2 Re1+ 34. Rf1 Rxf1+
35. Qxf1 Qe4 36. Re2 Qb7 37. Qxf5 Qc6 38. Rb2 h6 39. a5 Kh7 40. g4 Qe6 41. Qxe6
Rxe6 42. Kf2 Bd8 43. Ra2 Kg6 44. Ba3 Bxa5 45. Bxc5 Bc3 46. Ba3 Kg5 47. Kf3 Re3+
48. Kf2 Kxg4 49. c5 Be1+ 50. Kf1 Bg3 51. c6 d3 52. Bb4 Re4 53. Bc3 Rc4 54. Bxg7
Rxc6 55. Ra3 Rc1+ 56. Kg2 Rc2+ 57. Kf1 Rf2+ 58. Kg1 d2 59. Rd3 Re2 60. Bc3 Re1+
61. Kg2 d1=Q 62. Rxg3+ Kf4 0-1

[Event "Druzynowe Mistrzostwa Polski II Liga"]
[Site "Szklarska Poreba"]
[Date "1899-12-30"]
[Round "1.88"]
[White "Grossmann, Ryszard"]
[Black "Rak, Tomasz"]
[Result "1-0"]
[WhiteTitle "FM"]
[BlackTitle "k"]
[WhiteElo "2070"]
[BlackElo "2051"]

1. d4 Nf6 2. c4 g6 3. f3 Bg7 4. e4 d6 5. Ne2 O-O 6. Be3 e5 7. Nbc3 Nc6 8. d5 Ne7
9. Qd2 Nd7 10. O-O-O f5 11. Kb1 Nc5 12. b4 Nd7 13. Nc1 a5 14. a3 axb4 15. axb4
c5 16. dxc6 bxc6 17. Qxd6 Rb8 18. Qxb8 Nxb8 19. Rxd8 Rxd8 20. Be2 Be6 21. Kc2
Nd7 22. Nb3 Bf6 23. Ra1 g5 24. Nc5 Nxc5 25. Bxc5 Ng6 26. Ra6 Rc8 27. b5 cxb5 28.
Rxe6 Kf7 29. Rxf6+ Kxf6 30. Nd5+ Kf7 31. Be3 f4 32. Bf2 bxc4 33. Nb6 Rh8 34. Bxc4+
Kg7 35. Be6 h5 36. Nd7 Ra8 37. Be1 Ra6 38. Bc4 Ra7 39. Nc5 Kf6 40. Nd3 Ra1 41.
Nc1 g4 42. Ba2 Kg5 43. Kb2 Rxc1 44. Kxc1 h4 45. h3 gxh3 46. gxh3 Nf8 47. Ba5 1-0

[Event "Druzynowe Mistrzostwa Polski II Liga"]
[Site "Szklarska Poreba"]
[Date "1899-12-30"]
[Round "1.89"]
[White "Budnik, Mateusz"]
[Black "Helaszek, Edward"]
[Result "1/2-1/2"]
[WhiteTitle "I++"]
[BlackTitle "k"]
[WhiteElo "1935"]
[BlackElo "2006"]

1. e4 e5 2. Nf3 Nc6 3. Bb5 a6 4. Ba4 d6 5. d4 Bd7 6. d5 Nb8 7. c4 Nf6 8. Nc3 b5
9. cxb5 axb5 10. Bxb5 Bxb5 11. Nxb5 Nxe4 12. Qc2 Nc5 13. b4 Nca6 14. Bd2 Qd7 15.
a4 c6 16. dxc6 Nxc6 17. Rb1 Rc8 18. Qb2 Be7 19. O-O O-O 20. Rbc1 Rfe8 21. Bc3
Bf8 22. Rfd1 Qe6 23. Na3 Ne7 24. Be1 Nf5 25. b5 Nc5 26. a5 d5 27. b6 e4 28. Nd4
Nxd4 29. Qxd4 Nd3 30. Nb5 Bc5 31. Qa1 Qf5 32. Kh1 Bxf2 33. Nd6 Qf4 34. Rxd3 exd3
35. Bxf2 Qxf2 36. Nxe8 Rxe8 37. b7 d2 38. b8=Q d1=Q+ 39. Rxd1 Rxb8 40. Rxd5 h6
41. h3 Rb2 42. Qg1 Qc2 43. Rd1 Qc6 44. Rb1 Rd2 45. Qf1 Qd5 46. a6 Rd3 47. Kg1
Qd4+ 48. Qf2 Qxf2+ 49. Kxf2 Ra3 50. Rb6 Kh7 51. h4 h5 52. Rb7 Rxa6 1/2-1/2

[Event "Druzynowe Mistrzostwa Polski II Liga"]
[Site "Szklarska Poreba"]
[Date "1899-12-30"]
[Round "1.90"]
[White "Korosciel, Aneta"]
[Black "Borkowska, Zuzanna"]
[Result "1-0"]
[WhiteTitle "m"]
[BlackTitle "I"]
[WhiteElo "2017"]
[BlackElo "1634"]

1. e4 c5 2. Nf3 Nc6 3. Bb5 g6 4. Bxc6 bxc6 5. O-O Bg7 6. d3 Nf6 7. c3 O-O 8. Be3
c4 9. Na3 cxd3 10. Qxd3 d5 11. exd5 cxd5 12. Rfe1 Bf5 13. Qe2 Re8 14. Rad1 Qc7
15. Nb5 Qb7 16. Bf4 Rac8 17. Be5 Ng4 18. Bxg7 Kxg7 19. h3 Nf6 20. Nbd4 Be4 21.
Ng5 e5 22. Nb5 Rcd8 23. Nxe4 Nxe4 24. c4 f5 25. Rxd5 Rxd5 26. cxd5 Qxd5 27. Nc7
Qf7 28. Nxe8+ Qxe8 29. f3 Nc5 30. Qxe5+ Qxe5 31. Rxe5 Nd3 32. Re7+ Kh6 33. Rxa7
Nxb2 34. a4 Kg5 35. a5 Nc4 36. a6 h6 37. Rc7 Nb6 38. a7 1-0

[Event "Druzynowe Mistrzostwa Polski II Liga"]
[Site "Szklarska Poreba"]
[Date "1899-12-30"]
[Round "1.91"]
[White "Zylka, Stanislaw"]
[Black "Grochowalski, Pawel"]
[Result "1-0"]
[WhiteTitle "FM"]
[BlackTitle "k+"]
[WhiteElo "2344"]
[BlackElo "2134"]

1. e4 c6 2. d4 d5 3. e5 c5 4. dxc5 Nc6 5. a3 a5 6. Nf3 e6 7. Be3 Nge7 8. Bd3 Ng6
9. Bxg6 hxg6 10. Nc3 Bd7 11. Qe2 Be7 12. Nb5 O-O 13. h4 Nb8 14. Nd6 Na6 15. O-O-O
f6 16. h5 g5 17. h6 g6 18. h7+ Kh8 19. Rh6 f5 20. Rxg6 f4 21. Bd4 Qc7 22. Nxg5
Bxg5 23. Rxg5 Nxc5 24. Bxc5 Qxc5 25. Qg4 1-0

[Event "Druzynowe Mistrzostwa Polski II Liga"]
[Site "Szklarska Poreba"]
[Date "1899-12-30"]
[Round "1.92"]
[White "Baumann, Dariusz"]
[Black "Tomaszewski, Kacper"]
[Result "1/2-1/2"]
[WhiteTitle "k"]
[BlackTitle "k"]
[WhiteElo "2067"]
[BlackElo "2221"]

1. d4 d5 2. c4 e6 3. Nc3 Nf6 4. Bg5 Nbd7 5. e3 h6 6. Bh4 Be7 7. Bd3 a6 8. cxd5
exd5 9. Qc2 O-O 10. Nge2 c5 11. O-O c4 12. Bf5 b5 13. a3 Nb6 14. f3 Bd7 15. Bxd7
Qxd7 16. e4 Ne8 17. Bxe7 Qxe7 18. e5 Nc7 19. Ng3 Qd7 20. Nf5 Ne6 21. Ne2 a5 22.
Qd2 Ng5 23. g4 f6 24. h4 Ne6 25. f4 Nc8 26. Rf3 fxe5 27. fxe5 h5 28. gxh5 Ne7
29. Neg3 Nxf5 30. Nxf5 Rf7 31. Raf1 Raf8 32. Qg2 Kh8 33. Kh2 b4 34. axb4 axb4
35. Qg4 1/2-1/2

[Event "Druzynowe Mistrzostwa Polski II Liga"]
[Site "Szklarska Poreba"]
[Date "1899-12-30"]
[Round "1.93"]
[White "Walach, Marcin"]
[Black "Kulinski, Krzysztof"]
[Result "1-0"]
[WhiteTitle "FM"]
[BlackTitle "k"]
[WhiteElo "2320"]
[BlackElo "2078"]

1. e4 g6 2. d4 Bg7 3. Nc3 c6 4. Bc4 b5 5. Bb3 a5 6. a3 Ba6 7. Nf3 b4 8. Ne2 a4
9. Ba2 bxa3 10. bxa3 Nf6 11. e5 Ne4 12. O-O O-O 13. c4 d5 14. exd6 exd6 15. Qxa4
c5 16. Qc2 Re8 17. Rb1 d5 18. dxc5 d4 19. Rd1 Nxc5 20. Nexd4 Bxd4 21. Bb2 Nc6
22. Nxd4 Ne5 23. Nc6 Qg5 24. Bxe5 Rxe5 25. Nxe5 Qxe5 26. Qb2 1-0

[Event "Druzynowe Mistrzostwa Polski II Liga"]
[Site "Szklarska Poreba"]
[Date "1899-12-30"]
[Round "1.94"]
[White "Cichocki, Konrad"]
[Black "Wolynski, Krzysztof"]
[Result "1/2-1/2"]
[WhiteTitle "I+"]
[BlackTitle "I++"]
[WhiteElo "1864"]
[BlackElo "2118"]

1. Nf3 Nf6 2. c4 e6 3. Nc3 d5 4. d4 c6 5. g3 Nbd7 6. Bg2 Be7 7. O-O O-O 8. b3 Ne4
9. Nxe4 dxe4 10. Ne5 f5 11. f3 Nxe5 12. dxe5 Bc5+ 13. Kh1 exf3 14. exf3 Bd4 15.
Bg5 Qb6 16. Rc1 Bxe5 17. Re1 Bd4 18. Be7 Re8 19. c5 Qa5 20. Qxd4 Rxe7 21. f4 Bd7
22. Bf1 Rae8 23. Bc4 Kh8 24. Qd6 Qxa2 25. Ra1 Qf2 26. Rf1 Qe3 27. Rxa7 Bc8 28.
Ra8 Qe4+ 29. Kg1 Qe3+ 30. Kg2 Qe4+ 31. Kg1 Rf7 32. Rf2 Qb1+ 33. Kg2 Qe4+ 34. Kg1
Qe3 35. Kg2 Rff8 36. Re2 Qc3 37. Bxe6 h6 38. Rxc8 Rxc8 39. Bxc8 Rxc8 40. Qd7 Rg8
41. Qxb7 Qxc5 42. Qf7 Rf8 43. Re8 Qc2+ 44. Kh3 Rxe8 45. Qxe8+ Kh7 46. Qf7 Qe4
47. Kh4 Qd3 48. Kh3 Qc2 49. Qe6 Kh8 50. Qe8+ Kh7 51. Qe6 Qc5 52. Kg2 Qb5 53. Kf2
Qb6+ 54. Kg2 Qc5 55. Kf3 Qc2 56. Qf7 c5 57. Qe6 Qd3+ 1/2-1/2

[Event "Druzynowe Mistrzostwa Polski II Liga"]
[Site "Szklarska Poreba"]
[Date "1899-12-30"]
[Round "1.95"]
[White "Posluszny, Tomasz"]
[Black "Augustowski, Janusz"]
[Result "1-0"]
[WhiteTitle "I"]
[BlackTitle "I"]
[WhiteElo "1611"]
[BlackElo "1804"]

1. d4 Nf6 2. c4 c5 3. d5 b5 4. cxb5 a6 5. b6 Qxb6 6. Nc3 g6 7. e4 d6 8. Nf3 Bg7
9. Be2 Nbd7 10. O-O O-O 11. Nd2 Ne5 12. h3 Bb7 13. f4 Ned7 14. Nc4 Qc7 15. Bf3
Nb6 16. Nxb6 Qxb6 17. Na4 Qc7 18. Be3 Rab8 19. Rc1 a5 20. b3 e6 21. e5 Nxd5 22.
exd6 Qd7 23. Nxc5 Qxd6 24. Nxb7 Rxb7 25. Bc5 Qd8 26. Bxf8 Bxf8 27. Bxd5 exd5 28.
Qd2 Rd7 29. Rf3 Be7 30. Rd1 Qb6+ 31. Kh1 d4 32. f5 Bf6 33. fxg6 hxg6 34. Qf4 Rd6
35. g4 Qc5 36. h4 Qe5 37. Qxe5 Bxe5 38. Kg2 Rc6 39. Rfd3 Rc2+ 40. R1d2 Rc1 41.
Rb2 Kg7 42. a3 Rc3 43. Rxc3 dxc3 44. Rc2 Bd6 45. Rxc3 Bxa3 46. g5 Kf8 47. Rc7
Bb4 48. Kf3 Ke8 49. Ra7 Be1 50. Kg4 Bb4 51. Kf4 Be1 52. Ke5 Kf8 53. Kd6 Bb4+ 54.
Kc6 Kg7 55. Kb5 Be1 56. Rxa5 Bxh4 57. Kc6 f5 58. gxf6+ Kxf6 59. Kd5 Be1 60. Ra1
Bc3 61. Rf1+ Kg5 62. Ke4 Bb4 63. Kf3 Kf5 64. Rd1 Ke5 65. Kg4 Be7 66. Kf3 Bc5 67.
Rc1 Kd5 68. Rc4 g5 69. Kg4 Be3 70. Rc8 Kd6 71. b4 Kd7 72. Rc3 Bf4 73. b5 Kd8 74.
b6 Kd7 75. b7 Bc7 76. Kxg5 Kd6 77. Kf5 Kd7 78. Ke4 Kd6 79. Kd3 Kd7 80. Kc2 Kd6
81. Kb3 Kd7 82. Ka4 Be5 83. Rc8 1-0

[Event "Druzynowe Mistrzostwa Polski II Liga"]
[Site "Szklarska Poreba"]
[Date "1899-12-30"]
[Round "1.96"]
[White "Cichocka, Katarzyna"]
[Black "Cieslak, Wiktoria"]
[Result "0-1"]
[WhiteTitle "I++"]
[BlackTitle "k++"]
[WhiteElo "1608"]
[BlackElo "1824"]

1. e4 c5 2. Nc3 e6 3. Nf3 a6 4. d4 cxd4 5. Nxd4 Qc7 6. Bd3 Nc6 7. Be3 Nf6 8. O-O
Bb4 9. Nde2 O-O 10. a3 Be7 11. Nd4 Ne5 12. Bf4 d6 13. Bxe5 dxe5 14. Nb3 b5 15.
Rc1 Bxa3 16. Nxb5 axb5 17. bxa3 Rxa3 18. Qd2 Bd7 19. Rfe1 Rc8 20. Ra1 Ra4 21.
Qe2 h6 22. f3 Rca8 23. Kh1 Qc3 24. Rab1 Rb4 25. Red1 Ra2 26. Qe1 Qxe1+ 27. Rxe1
Bc6 28. Kg1 Nd7 29. Ra1 Rba4 30. Rxa2 Rxa2 31. Kf1 g6 32. Rb1 Kf8 33. Nc1 Ra7
34. Ke2 Rc7 35. Nb3 Ra7 36. Nd2 Ra5 37. Nb3 Ra4 38. Ke3 Ke7 39. Nd2 Ra2 40. Nb3
f5 41. Nc1 Ra5 42. Nb3 Ra3 43. Kd2 Nb6 44. Nc5 Nc4+ 45. Ke2 Ra2 46. exf5 exf5
47. Rb4 Kd6 48. Nb3 e4 49. Bxc4 Rxc2+ 50. Nd2 bxc4 51. Kd1 Kc5 52. Rb8 Ra2 53.
Rg8 Ba4+ 54. Kc1 c3 55. Rc8+ Kd4 56. Rd8+ Ke3 57. Nc4+ Kf4 58. Kb1 Bb3 59. fxe4
c2+ 60. Kc1 Ra1+ 61. Kb2 c1=Q+ 0-1

[Event "Druzynowe Mistrzostwa Polski II Liga"]
[Site "Szklarska Poreba"]
[Date "1899-12-30"]
[Round "1.97"]
[White "Gierulski, Kamil"]
[Black "Karwowski, Kacper"]
[Result "1-0"]
[WhiteTitle "k+"]
[BlackTitle "k"]
[WhiteElo "2219"]
[BlackElo "2238"]

1. e4 c5 2. Nf3 d6 3. Bb5+ Nc6 4. O-O Bd7 5. Re1 a6 6. Bxc6 Bxc6 7. d4 cxd4 8.
Nxd4 Nf6 9. Bg5 Qb6 10. Nc3 e5 11. Bxf6 gxf6 12. Nf5 O-O-O 13. Nd5 Qxb2 14. Qd2
Bxd5 15. Qxd5 Rd7 16. h3 Qc3 17. Rab1 Qc5 18. Qb3 d5 19. Red1 d4 20. c3 Qc6 21.
cxd4 Qxe4 22. Ng3 Qd5 23. Qb6 exd4 24. Qa7 Bg7 25. Rdc1+ Rc7 26. Nf5 Bf8 27. Nxd4
Rxc1+ 28. Rxc1+ Kd7 29. Qb8 Bc5 30. Qxh8 Qxd4 31. Qxh7 Qxf2+ 32. Kh1 b6 33. Qxf7+
Kc6 34. Qe8+ Kd5 35. Rd1+ Bd4 36. Qa8+ Ke6 37. Qxa6 f5 38. Qc8+ Ke5 39. Qh8+ Ke4
40. Qa8+ Kf4 41. Qd5 Be5 42. Qd3 Kg5 43. Rf1 Qg3 44. Rxf5+ Kh6 45. Qxg3 Bxg3 46.
Rf6+ 1-0

[Event "Druzynowe Mistrzostwa Polski II Liga"]
[Site "Szklarska Poreba"]
[Date "1899-12-30"]
[Round "1.98"]
[White "Sapis, Witalis"]
[Black "Ziemniak, Piotr"]
[Result "1-0"]
[WhiteTitle "IM"]
[BlackTitle "I"]
[WhiteElo "2388"]
[BlackElo "1801"]

1. d4 Nf6 2. c4 g6 3. Nc3 Bg7 4. g3 d6 5. Bg2 c6 6. Nf3 O-O 7. O-O Nbd7 8. b3 e5
9. Qc2 Re8 10. Rd1 e4 11. Ng5 d5 12. cxd5 cxd5 13. Nb5 Nb6 14. Nc7 Bf5 15. Nxe8
Qxe8 16. Qc7 h6 17. Nh3 g5 18. Qxb7 Qe6 19. Nxg5 hxg5 20. Bxg5 Ng4 21. h3 e3 22.
hxg4 exf2+ 23. Kxf2 Bxg4 24. Qe7 Qf5+ 25. Bf4 Nd7 26. Qg5 Qe6 27. Bf3 Nf6 28.
Be5 Bxf3 29. exf3 1-0

[Event "Druzynowe Mistrzostwa Polski II Liga"]
[Site "Szklarska Poreba"]
[Date "1899-12-30"]
[Round "1.99"]
[White "Wozniak, Grzegorz"]
[Black "Rudnicki, Milosz"]
[Result "0-1"]
[WhiteTitle "I"]
[BlackTitle "k"]
[WhiteElo "1694"]
[BlackElo "2164"]

1. d4 Nf6 2. Nf3 e6 3. e3 c5 4. Bd3 d5 5. c3 Nbd7 6. Nbd2 b6 7. O-O Bb7 8. Re1
Ne4 9. dxc5 Bxc5 10. Qa4 f5 11. Ne5 a6 12. Qxd7+ Qxd7 13. Nxd7 Kxd7 14. Bxe4 fxe4
15. b4 Bd6 16. Bb2 Rhc8 17. Nb3 g6 18. Rec1 Rc7 19. a3 Rac8 20. Kf1 Be5 21. Nd4
Kd6 22. h3 Bc6 23. Ke2 Ba4 24. Kd2 Rf7 25. f4 exf3 26. Nxf3 Bg7 27. Re1 Bh6 28.
Rac1 Rc4 29. Nh2 Bb5 30. Nf3 Re4 31. Ra1 Bc4 32. Bc1 g5 33. Kc2 g4 34. Nd2 Rf2
35. Kd1 Rxg2 36. hxg4 Rexg4 37. Nxc4+ dxc4 38. Rh1 Rg1+ 39. Rxg1 Rxg1+ 40. Ke2
Rg2+ 41. Kf3 Rc2 42. Ke4 Bg7 43. Rb1 Bxc3 44. a4 b5 45. axb5 axb5 46. Kf3 Ke5
47. e4 Bd2 48. Bxd2 Rxd2 49. Rh1 Rd3+ 50. Ke2 Kxe4 51. Rh4+ Kd5 52. Rxh7 Rb3 53.
Rh5+ e5 54. Rh8 Rxb4 55. Rd8+ Ke4 0-1

[Event "Druzynowe Mistrzostwa Polski II Liga"]
[Site "Szklarska Poreba"]
[Date "1899-12-30"]
[Round "1.100"]
[White "Gosciniak, Bartlomiej"]
[Black "Nowakowski, Jacek"]
[Result "0-1"]
[WhiteTitle "I"]
[BlackTitle "II+"]
[WhiteElo "1905"]
[BlackElo "1583"]

1. e4 d6 2. Bc4 Nf6 3. d3 Nc6 4. Ne2 Na5 5. Bb3 Nxb3 6. axb3 e5 7. O-O Be7 8. Nbc3
c6 9. d4 O-O 10. Bg5 Qc7 11. Qd2 exd4 12. Qxd4 b6 13. Rfd1 Rd8 14. h3 Bb7 15.
Bf4 Qd7 16. Qe3 c5 17. Nd5 Nxd5 18. exd5 Bf6 19. Qc1 Re8 20. Ng3 a5 21. c4 Bd4
22. Qc2 g6 23. Ne4 Qf5 24. Bxd6 Qxe4 25. Qxe4 Rxe4 26. Bc7 Re2 27. Bxb6 Rxb2 28.
Rab1 Bxf2+ 29. Kf1 Rxb1 30. Rxb1 Bd4 31. Re1 Kf8 32. Bc7 a4 33. bxa4 Rxa4 34.
Bd6+ Kg7 35. Re7 Ba6 36. Be5+ Bxe5 37. Rxe5 Rxc4 38. Kf2 Rd4 39. d6 c4 40. Rc5
Rxd6 0-1

[Event "Druzynowe Mistrzostwa Polski II Liga"]
[Site "Szklarska Poreba"]
[Date "1899-12-30"]
[Round "1.101"]
[White "Augustyn, Jan"]
[Black "Kowalski, Maciej"]
[Result "0-1"]
[WhiteTitle "II"]
[BlackTitle "k"]
[WhiteElo "1728"]
[BlackElo "2060"]

1. c4 e5 2. Nc3 g6 3. g3 Bg7 4. Bg2 Ne7 5. Nf3 O-O 6. O-O d5 7. cxd5 Nxd5 8. Nxd5
Qxd5 9. Ng5 Qd8 10. d3 h6 11. Ne4 Nc6 12. Bd2 Nd4 13. e3 Ne6 14. Bb4 Re8 15. Rc1
Bd7 16. Ba5 Bc6 17. Rxc6 bxc6 18. Qc2 Rb8 19. a3 Bf8 20. Qxc6 Bg7 21. Qc2 Qd7
22. Bb4 Qb5 23. Nc3 Qa6 24. Nd5 c5 25. Bc3 Rbc8 26. Rd1 Kh7 27. h4 f5 28. f4 Nc7
29. Nxc7 Rxc7 30. fxe5 Bxe5 31. d4 cxd4 32. exd4 Bxg3 33. h5 Qd6 34. Bh3 Rf8 35.
Qd3 Rg7 36. Kh1 f4 37. Bb4 Qd5+ 38. Kg1 Rf6 39. Bg4 f3 40. Kf1 Rf4 41. hxg6+ Rxg6
42. Bh3 Qh5 43. Kg1 Qxh3 0-1

[Event "Druzynowe Mistrzostwa Polski II Liga"]
[Site "Szklarska Poreba"]
[Date "1899-12-30"]
[Round "1.102"]
[White "Gosciniak, Maria"]
[Black "Polak, Sylwia"]
[Result "1-0"]
[WhiteTitle "WFM"]
[BlackTitle "I"]
[WhiteElo "2070"]
[BlackElo "1371"]

1. b3 d5 2. Bb2 c5 3. e3 a6 4. f4 e6 5. Nf3 Nc6 6. Be2 Nf6 7. O-O Be7 8. Qe1 O-O
9. d3 Qc7 10. Nbd2 b5 11. Ne5 Bb7 12. Ndf3 Rfd8 13. Nxf7 Kxf7 14. Ng5+ Kg8 15.
Nxe6 Qd7 16. Nxd8 Rxd8 17. Bf3 Rf8 18. Qg3 Bd8 19. Kh1 Nb4 20. Rf2 Bb6 21. a3
Nc6 22. Re2 Ne7 23. Rf1 Bc6 24. e4 d4 25. Bc1 Bb7 26. Bd2 Bc8 27. f5 Bc7 28. Bf4
Ne8 29. Bg4 Qc6 30. Ref2 Bd8 31. Be2 Qb6 32. h4 Kh8 33. h5 h6 34. Be5 Nf6 35.
Bd6 Re8 36. e5 Nfd5 37. f6 gxf6 38. exf6 Nxf6 39. Rxf6 Ng8 40. Rf7 Bg5 41. Be5+
1-0

[Event "Druzynowe Mistrzostwa Polski II Liga"]
[Site "Szklarska Poreba"]
[Date "1899-12-30"]
[Round "2.1"]
[White "Kislinsky, Alexey"]
[Black "Dowgird, Filip"]
[Result "1-0"]
[WhiteTitle "GM"]
[BlackTitle "k"]
[WhiteElo "2505"]
[BlackElo "2270"]

1. e4 e6 2. d4 d5 3. Nd2 Nc6 4. Ngf3 Nf6 5. e5 Nd7 6. Bd3 Nb4 7. Be2 c5 8. c3 Nc6
9. O-O cxd4 10. cxd4 f6 11. exf6 Nxf6 12. a3 Qb6 13. b4 a5 14. Qa4 Bd6 15. b5
Ne7 16. Ne5 Nf5 17. Bb2 O-O 18. Rac1 Nd7 19. Rxc8 Rfxc8 20. Nxd7 Qc7 21. Nc5 Bxh2+
22. Kh1 Qf4 23. Nf3 Rxc5 24. Nxh2 Rc7 25. Bd3 b6 26. Qd1 Rf8 27. g3 Qh6 28. Kg2
Rcf7 29. Ng4 Qg5 30. Bc1 Qd8 31. Ne5 Rc7 32. Qh5 g6 33. Qg4 Qf6 34. Nc6 h5 35.
Qg5 Qxg5 36. Bxg5 Re8 37. Re1 Kg7 38. a4 Rcc8 39. Bf4 Kf6 40. Be5+ Kf7 41. f3
Ne7 42. Kh3 Rg8 43. Rc1 g5 44. g4 h4 45. Bd6 Ng6 46. Bxg6+ 1-0